| 000 | 01021nam a2200265Ia 4500 | ||
|---|---|---|---|
| 003 | OSt | ||
| 005 | 20220923211207.0 | ||
| 006 | a|||||r|||| 00| 0 | ||
| 007 | ta | ||
| 008 | 220922b |||||||| |||| 00| 0 san d | ||
| 020 |
_a9780381907504 (hbk) _c850 |
||
| 024 | _a354,587 | ||
| 037 |
_b111, 25/12/2021, Eastern Book Linkers _cTextual |
||
| 040 |
_aARTS _cARTS _bsan |
||
| 041 |
_2san _asan |
||
| 082 | _aWv2, 152R1 | ||
| 100 |
_aअग्रवाल, सुमन, ले. _9159422 |
||
| 245 | 0 | _aप्रचीन भारतीय राजनीतिक चिन्तन | |
| 246 | _aPrachīn bhāratīya rājanītik chintana | ||
| 260 |
_aनई दिल्ली _b विश्वभारती पब्लिकेशन्स _c2021 |
||
| 300 |
_a296पृ0 _ccm. |
||
| 650 |
_aराजनीति विज्ञान _9159423 |
||
| 942 |
_hWv2, 152R1 _cTEXL _2CC |
||
| 999 |
_c296644 _d296644 |
||